000 00841cab a2200229 4500
001 ABS47194
008 090401t1992 xxu||||| |||| 00| 0 eng d
035 _a(Sirsi) u61011
041 _aeng
100 _aCatt, R.
245 2 _aA guide to good practice - use preservatives with care
260 _c1992
350 _a0
490 _aValuer (ISVA)
_v61(8) October 1992, 12-13(2)
520 _aRecent changes have occurred regarding the law on timber preservatives. This article summarises those changes and new Health and Safety Executive and BRE advice. Topics covered include fungal decay, infestation,controls and precautions which should be taken.
650 _aBATS
650 _aPRESERVATIVES
650 _aTIMBER DECAY
690 _aBUILDING AND CONSTRUCTION-REPAIRS AND MAINTENANCE
942 _n0
948 _c04/03/1997
999 _c37722
_d37722